[Event "msr2018"]
[Site "?"]
[Date "2018.04.25"]
[Round "7.9"]
[White "Zetocha, Adrian"]
[Black "Vadila, Ondrej"]
[Result "1/2-1/2"]
[BlackElo "2023"]
[WhiteElo "2094"]
[LiveChessVersion "1.4.8"]

1. d4 {[%clk 1:30:58]} Nf6 {[%clk 1:30:52]} 2. c4 {[%clk 1:31:26]} g6
{[%clk 1:31:15]} 3. Nc3 {[%clk 1:31:49]} Bg7 {[%clk 1:31:38]} 4. Nf3
{[%clk 1:32:14]} O-O {[%clk 1:32:00]} 5. Bg5 {[%clk 1:32:41]} d6 {[%clk 1:32:24]}
6. e3 {[%clk 1:33:06]} Nbd7 {[%clk 1:32:43]} 7. Be2 {[%clk 1:33:16]} c6
{[%clk 1:33:04]} 8. Qc2 {[%clk 1:33:39]} Qc7 {[%clk 1:33:20]} 9. O-O
{[%clk 1:33:52]} e5 {[%clk 1:33:20]} 10. b4 {[%clk 1:34:14]} Re8 {[%clk 1:31:41]}
11. Rac1 {[%clk 1:34:14]} Nf8 {[%clk 1:30:54]} 12. Rfd1 {[%clk 1:28:35]} Bf5
{[%clk 1:25:15]} 13. Qb3 {[%clk 1:28:45]} Ne6 {[%clk 1:06:37]} 14. Bxf6
{[%clk 1:20:16]} Bxf6 {[%clk 1:05:21]} 15. dxe5 {[%clk 1:17:56]} dxe5
{[%clk 1:03:43]} 16. Nd2 {[%clk 0:39:01]} Nd4 {[%clk 0:35:04]} 17. exd4
{[%clk 0:22:10]} exd4 {[%clk 0:35:27]} 18. Nd5 {[%clk 0:22:34]} cxd5
{[%clk 0:35:47]} 19. cxd5 {[%clk 0:22:59]} Qe7 {[%clk 0:28:39]} 20. Bc4
{[%clk 0:20:30]} Qd6 {[%clk 0:25:34]} 21. h3 {[%clk 0:15:09]} Rac8
{[%clk 0:21:18]} 22. Nf3 {[%clk 0:12:57]} Re7 {[%clk 0:19:36]} 23. Nxd4
{[%clk 0:11:04]} Bxd4 {[%clk 0:19:33]} 24. Rxd4 {[%clk 0:11:02]} b5
{[%clk 0:19:49]} 25. g4 {[%clk 0:08:40]} bxc4 {[%clk 0:20:10]} 26. Rdxc4
{[%clk 0:04:04]} Rxc4 {[%clk 0:20:33]} 27. Qxc4 {[%clk 0:04:29]} Be4
{[%clk 0:19:23]} 28. Qd4 {[%clk 0:03:38]} Qe5 {[%clk 0:17:59]} 29. Qxe5
{[%clk 0:00:38]} Rxe5 {[%clk 0:18:24]} 30. Re1 {[%clk 0:00:45]} f6
{[%clk 0:18:07]} 31. f4 {[%clk 0:01:01]} Re8 {[%clk 0:18:24]} 32. b5
{[%clk 0:00:54]} f5 {[%clk 0:18:36]} 33. d6 {[%clk 0:00:43]} Rd8 {[%clk 0:18:50]}
34. Rc1 {[%clk 0:00:48]} fxg4 {[%clk 0:14:15]} 35. hxg4 {[%clk 0:01:09]} Rxd6
{[%clk 0:05:35]} 36. Rc8+ {[%clk 0:01:31]} Kg7 {[%clk 0:06:01]} 37. Rc7+
{[%clk 0:01:55]} Kf6 {[%clk 0:06:20]} 38. Rxh7 {[%clk 0:01:44]} a6
{[%clk 0:06:13]} 39. a4 {[%clk 0:01:00]} axb5 {[%clk 0:06:36]} 40. axb5
{[%clk 0:01:23]} Rb6 {[%clk 0:01:36]} 41. f5 {[%clk 0:00:35]} Kg5
{[%clk 0:26:35]} 42. fxg6 {[%clk 0:22:26]} Bxg6 {[%clk 0:26:20]} 43. Rd7
{[%clk 0:21:06]} Rxb5 {[%clk 0:24:30]} 44. Rd4 {[%clk 0:20:57]} Rb2
{[%clk 0:24:27]} 45. Kf1 {[%clk 0:17:16]} Bf7 {[%clk 0:23:48]} 46. Ke1
{[%clk 0:12:19]} Be6 {[%clk 0:23:23]} 47. Kd1 {[%clk 0:12:36]} Bxg4+
{[%clk 0:23:27]} 48. Kc1 {[%clk 0:12:59]} Rf2 {[%clk 0:23:19]} 49. Rd2
{[%clk 0:13:24]} Rf3 {[%clk 0:23:42]} 50. Rd4 {[%clk 0:13:15]} Bf5
{[%clk 0:20:22]} 51. Kd2 {[%clk 0:13:04]} Bg6 {[%clk 0:20:32]} 52. Rd6
{[%clk 0:12:15]} Be4 {[%clk 0:19:36]} 53. Ke2 {[%clk 0:12:01]} Ra3
{[%clk 0:19:57]} 54. Rd8 {[%clk 0:11:52]} Kf4 {[%clk 0:18:52]} 55. Rf8+
{[%clk 0:11:05]} Ke5 {[%clk 0:18:53]} 56. Rd8 {[%clk 0:11:04]} Bd5
{[%clk 0:18:40]} 57. Rc8 {[%clk 0:10:10]} Kd4 {[%clk 0:18:51]} 58. Kd2
{[%clk 0:10:22]} Rg3 {[%clk 0:15:42]} 59. Re8 {[%clk 0:10:32]} Rd3+
{[%clk 0:10:33]} 60. Ke2 {[%clk 0:09:27]} Rg3 {[%clk 0:10:48]} 61. Kd2
{[%clk 0:09:43]} Rb3 {[%clk 0:10:13]} 62. Rc8 {[%clk 0:10:02]} Rd3+
{[%clk 0:10:32]} 63. Kc2 {[%clk 0:09:46]} Rg3 {[%clk 0:10:07]} 64. Kb2
{[%clk 0:09:48]} Bc4 {[%clk 0:10:53]} 65. Rd8+ {[%clk 0:10:04]} Kc5
{[%clk 0:11:16]} 66. Rc8+ {[%clk 0:10:00]} Kb4 {[%clk 0:11:40]} 67. Rb8+
{[%clk 0:10:23]} Bb5 {[%clk 0:12:01]} 68. Rc8 {[%clk 0:10:34]} Re3
{[%clk 0:10:55]} 69. Rc7 {[%clk 0:10:18]} Ba6 {[%clk 0:11:08]} 70. Rc6
{[%clk 0:10:17]} Re2+ {[%clk 0:11:13]} 71. Rc2 {[%clk 0:10:41]} Re6
{[%clk 0:10:51]} 72. Rc7 {[%clk 0:10:27]} Rf6 {[%clk 0:11:13]} 73. Rc3
{[%clk 0:09:21]} Bc4 {[%clk 0:11:36]} 74. Rc1 {[%clk 0:09:44]} Bb3
{[%clk 0:11:53]} 75. Rc8 {[%clk 0:09:40]} Rf2+ {[%clk 0:12:12]} 76. Kc1
{[%clk 0:06:34]} Bc4 {[%clk 0:12:16]} 77. Kd1 {[%clk 0:05:35]} Kc3
{[%clk 0:12:00]} 78. Re8 {[%clk 0:05:47]} Rf1+ {[%clk 0:06:39]} 79. Re1
{[%clk 0:06:06]} Rf5 {[%clk 0:06:51]} 80. Re8 {[%clk 0:05:57]} Rf7
{[%clk 0:06:32]} 81. Re5 {[%clk 0:05:37]} Kd3 {[%clk 0:05:31]} 82. Ke1
{[%clk 0:05:12]} Kc3 {[%clk 0:05:27]} 83. Kd1 {[%clk 0:05:18]} Rf2
{[%clk 0:04:22]} 84. Re8 {[%clk 0:05:31]} Bd3 {[%clk 0:03:23]} 85. Rc8+
{[%clk 0:05:20]} Kd4 {[%clk 0:03:41]} 86. Rd8+ {[%clk 0:05:29]} Ke3
{[%clk 0:04:06]} 87. Re8+ {[%clk 0:05:29]} Be4 {[%clk 0:04:31]} 88. Kc1
{[%clk 0:05:23]} Rc2+ {[%clk 0:04:54]} 89. Kd1 {[%clk 0:05:45]} Rc4
{[%clk 0:05:09]} 90. Re7 {[%clk 0:05:32]} Rb4 {[%clk 0:05:06]} 91. Rc7
{[%clk 0:05:38]} Rb1+ {[%clk 0:04:45]} 92. Rc1 {[%clk 0:06:01]} Rb8
{[%clk 0:04:21]} 93. Rc7 {[%clk 0:05:36]} Ra8 {[%clk 0:01:58]} 94. Kc1
{[%clk 0:05:01]} Ra1+ {[%clk 0:01:48]} 95. Kb2 {[%clk 0:05:23]} Rb1+
{[%clk 0:02:13]} 96. Ka2 {[%clk 0:05:21]} Rb6 {[%clk 0:02:06]} 97. Rd7
{[%clk 0:05:28]} 1/2-1/2

[Event "msr2018"]
[Site "?"]
[Date "2018.04.25"]
[Round "7.10"]
[White "Bochnicka, Vladimir"]
[Black "Turcan, Richard"]
[Result "0-1"]
[BlackElo "2171"]
[WhiteElo "2043"]
[LiveChessVersion "1.4.8"]

1. e4 {[%clk 1:30:33]} c5 {[%clk 1:30:51]} 2. Nf3 {[%clk 1:30:06]} Nc6
{[%clk 1:31:05]} 3. d4 {[%clk 1:30:33]} cxd4 {[%clk 1:31:28]} 4. Nxd4
{[%clk 1:30:55]} Nf6 {[%clk 1:29:40]} 5. Nc3 {[%clk 1:31:19]} g6 {[%clk 1:29:23]}
6. Be2 {[%clk 1:31:30]} Bg7 {[%clk 1:28:20]} 7. Nb3 {[%clk 1:31:46]} O-O
{[%clk 1:27:50]} 8. O-O {[%clk 1:32:06]} d6 {[%clk 1:27:41]} 9. Bg5
{[%clk 1:31:22]} Bd7 {[%clk 1:24:15]} 10. Kh1 {[%clk 1:28:32]} Rc8
{[%clk 1:18:59]} 11. f4 {[%clk 1:25:42]} a6 {[%clk 1:07:06]} 12. Qd2
{[%clk 1:13:29]} b5 {[%clk 0:55:10]} 13. a3 {[%clk 1:13:39]} Be6 {[%clk 0:50:00]}
14. Rae1 {[%clk 0:57:26]} Qb6 {[%clk 0:37:37]} 15. h3 {[%clk 0:31:11]} Bc4
{[%clk 0:32:11]} 16. Bh4 {[%clk 0:19:20]} Rfe8 {[%clk 0:22:54]} 17. Nd5
{[%clk 0:13:43]} Nxd5 {[%clk 0:18:03]} 18. exd5 {[%clk 0:13:00]} Bxb3
{[%clk 0:18:28]} 19. cxb3 {[%clk 0:12:43]} Qd4 {[%clk 0:18:33]} 20. Qd3
{[%clk 0:07:34]} Nb8 {[%clk 0:14:56]} 21. Qxd4 {[%clk 0:06:26]} Bxd4
{[%clk 0:15:25]} 22. a4 {[%clk 0:05:36]} bxa4 {[%clk 0:14:07]} 23. bxa4
{[%clk 0:06:05]} Bxb2 {[%clk 0:13:28]} 24. Rb1 {[%clk 0:05:18]} Bd4
{[%clk 0:13:08]} 25. Rb7 {[%clk 0:04:30]} Kf8 {[%clk 0:11:37]} 26. Bg4
{[%clk 0:03:36]} f5 {[%clk 0:11:00]} 27. Bf3 {[%clk 0:03:45]} Rcd8
{[%clk 0:08:29]} 28. Re1 {[%clk 0:01:36]} Nd7 {[%clk 0:06:22]} 29. g4
{[%clk 0:01:02]} fxg4 {[%clk 0:01:47]} 30. Bxg4 {[%clk 0:01:05]} Nf6
{[%clk 0:01:23]} 31. Bxf6 {[%clk 0:00:47]} exf6 {[%clk 0:00:43]} 32. Rd1
{[%clk 0:00:48]} Bc3 {[%clk 0:00:34]} 33. Rxh7 {[%clk 0:00:53]} f5
{[%clk 0:00:59]} 34. Bf3 {[%clk 0:00:59]} Bg7 {[%clk 0:00:59]} 35. Rg1
{[%clk 0:00:55]} Kg8 {[%clk 0:00:41]} 36. Rh4 {[%clk 0:01:01]} Kf7
{[%clk 0:00:39]} 37. Rh7 {[%clk 0:01:00]} Re3 {[%clk 0:00:40]} 38. Kg2
{[%clk 0:00:47]} Kg8 {[%clk 0:00:53]} 39. Rh4 {[%clk 0:01:12]} Kf7
{[%clk 0:00:33]} 40. Rh7 {[%clk 0:00:35]} Ra3 {[%clk 0:00:33]} 41. Kf2
{[%clk 0:17:07]} Ra2+ {[%clk 0:30:14]} 42. Kg3 {[%clk 0:09:09]} Kg8
{[%clk 0:28:55]} 43. Rxg7+ {[%clk 0:09:22]} Kxg7 {[%clk 0:29:16]} 44. Bd1
{[%clk 0:09:18]} Rc8 {[%clk 0:28:38]} 45. Kh4 {[%clk 0:07:52]} Rh8+
{[%clk 0:27:38]} 46. Kg3 {[%clk 0:06:43]} Ra3+ {[%clk 0:28:00]} 47. Bf3
{[%clk 0:07:07]} Rc8 {[%clk 0:27:04]} 48. Kf2 {[%clk 0:07:17]} Rc2+
{[%clk 0:27:12]} 49. Be2 {[%clk 0:07:04]} Rxa4 {[%clk 0:26:59]} 0-1

[Event "msr2018"]
[Site "?"]
[Date "2018.04.25"]
[Round "7.11"]
[White "Sosovicka, Jakub"]
[Black "Sobek, Michal"]
[Result "1/2-1/2"]
[BlackElo "2022"]
[WhiteElo "2105"]
[LiveChessVersion "1.4.8"]

1. e4 {[%clk 1:30:58]} c5 {[%clk 1:30:53]} 2. Nf3 {[%clk 1:31:24]} Nc6
{[%clk 1:31:10]} 3. d4 {[%clk 1:31:43]} cxd4 {[%clk 1:31:35]} 4. Nxd4
{[%clk 1:32:08]} g6 {[%clk 1:31:51]} 5. c4 {[%clk 1:32:14]} Nf6 6. Nc3
{[%clk 1:32:35]} d6 {[%clk 1:32:33]} 7. Be2 {[%clk 1:32:29]} Nxd4
{[%clk 1:32:33]} 8. Qxd4 {[%clk 1:32:17]} Bg7 {[%clk 1:32:56]} 9. Be3
{[%clk 1:32:00]} O-O {[%clk 1:33:04]} 10. Qd2 {[%clk 1:31:55]} a5
{[%clk 1:33:24]} 11. O-O {[%clk 1:28:15]} a4 {[%clk 1:33:39]} 12. Rad1
{[%clk 1:22:46]} Be6 {[%clk 1:32:47]} 13. f4 {[%clk 1:19:40]} Qa5
{[%clk 1:31:35]} 14. f5 {[%clk 0:59:41]} gxf5 {[%clk 1:27:01]} 15. exf5
{[%clk 0:53:04]} Bxf5 {[%clk 1:26:33]} 16. c5 {[%clk 0:49:40]} Bg6
{[%clk 1:22:36]} 17. cxd6 {[%clk 0:46:31]} Rfd8 {[%clk 1:16:59]} 18. Nb5
{[%clk 0:43:23]} Qxd2 {[%clk 1:13:53]} 19. Rxd2 {[%clk 0:43:34]} Ne4
{[%clk 1:13:57]} 20. dxe7 {[%clk 0:36:34]} Rxd2 {[%clk 0:54:56]} 21. Bxd2
{[%clk 0:35:15]} Nxd2 {[%clk 0:55:10]} 22. Nc7 {[%clk 0:30:54]} Nxf1
{[%clk 0:51:57]} 23. Nxa8 {[%clk 0:28:40]} f5 {[%clk 0:51:52]} 24. Bc4+
{[%clk 0:26:51]} Kh8 {[%clk 0:51:57]} 25. Kxf1 {[%clk 0:25:12]} Bf6
{[%clk 0:52:20]} 26. Nb6 {[%clk 0:22:01]} Bxe7 {[%clk 0:50:22]} 27. Nxa4
{[%clk 0:16:04]} Be8 {[%clk 0:50:00]} 28. Nc3 {[%clk 0:15:46]} Bd6
{[%clk 0:49:00]} 29. h3 {[%clk 0:13:36]} Kg7 {[%clk 0:49:05]} 30. Ke2
{[%clk 0:04:33]} 1/2-1/2

[Event "msr2018"]
[Site "?"]
[Date "2018.04.25"]
[Round "7.12"]
[White "Popovic, Martin"]
[Black "Gyerpal, Adrian"]
[Result "1/2-1/2"]
[BlackElo "1976"]
[WhiteElo "1897"]
[LiveChessVersion "1.4.8"]

1. e4 {[%clk 1:30:58]} c5 {[%clk 1:30:50]} 2. Nf3 {[%clk 1:31:23]} Nc6
{[%clk 1:30:59]} 3. d4 {[%clk 1:31:47]} cxd4 {[%clk 1:31:23]} 4. Nxd4
{[%clk 1:32:13]} g6 {[%clk 1:31:40]} 5. Nc3 {[%clk 1:32:25]} Bg7 {[%clk 1:31:20]}
6. Be3 {[%clk 1:32:46]} Nf6 {[%clk 1:31:27]} 7. Bc4 {[%clk 1:32:57]} O-O
{[%clk 1:31:06]} 8. Bb3 {[%clk 1:32:25]} d5 {[%clk 1:30:19]} 9. exd5
{[%clk 1:32:26]} Na5 {[%clk 1:30:36]} 10. O-O {[%clk 1:32:21]} Nxb3
{[%clk 1:30:23]} 11. Nxb3 {[%clk 1:32:44]} b6 {[%clk 1:29:43]} 12. d6
{[%clk 1:32:33]} Qxd6 {[%clk 1:28:14]} 13. Qxd6 {[%clk 1:28:26]} exd6
{[%clk 1:28:38]} 14. Rad1 {[%clk 1:25:40]} Ng4 {[%clk 1:24:11]} 15. Bd4
{[%clk 1:23:47]} Ne5 {[%clk 1:21:16]} 16. f4 {[%clk 1:10:38]} Nc4
{[%clk 1:16:40]} 17. Bxg7 {[%clk 1:02:12]} Kxg7 {[%clk 1:16:43]} 18. Rfe1
{[%clk 0:59:12]} Ba6 {[%clk 1:07:56]} 19. Nd5 {[%clk 0:51:07]} Rac8
{[%clk 1:03:11]} 20. Nb4 {[%clk 0:50:26]} Bb7 {[%clk 0:57:59]} 21. Re7
{[%clk 0:46:55]} Rb8 {[%clk 0:55:13]} 22. Rd4 {[%clk 0:37:41]} b5
{[%clk 0:49:57]} 23. Nd2 {[%clk 0:33:42]} Nxd2 {[%clk 0:44:46]} 24. Rxd2
{[%clk 0:34:10]} a5 {[%clk 0:42:21]} 25. Nd5 {[%clk 0:31:34]} Bxd5
{[%clk 0:29:34]} 26. Rxd5 {[%clk 0:31:11]} Rfc8 {[%clk 0:29:11]} 1/2-1/2

[Event "msr2018"]
[Site "?"]
[Date "2018.04.25"]
[Round "7.13"]
[White "Cedzo, Adam"]
[Black "Kuna, Patrik"]
[Result "1-0"]
[BlackElo "1545"]
[WhiteElo "1703"]
[LiveChessVersion "1.4.8"]

1. e4 {[%clk 1:25:51]} e5 {[%clk 1:30:32]} 2. Nf3 {[%clk 1:26:15]} Nc6
{[%clk 1:30:20]} 3. Bc4 {[%clk 1:26:35]} Bc5 {[%clk 1:30:35]} 4. c3
{[%clk 1:26:34]} Nf6 {[%clk 1:25:56]} 5. d4 {[%clk 1:26:50]} exd4
{[%clk 1:26:05]} 6. cxd4 {[%clk 1:27:11]} Bb4+ {[%clk 1:25:59]} 7. Nc3
{[%clk 1:27:30]} O-O {[%clk 1:18:10]} 8. e5 {[%clk 1:23:00]} Ne4 {[%clk 1:18:15]}
9. Bd2 {[%clk 1:21:14]} Bxc3 {[%clk 1:16:18]} 10. Bxc3 {[%clk 1:21:21]} d5
{[%clk 1:13:39]} 11. Bb3 {[%clk 1:20:37]} Bg4 {[%clk 1:08:51]} 12. O-O
{[%clk 1:20:25]} Ng5 {[%clk 1:03:26]} 13. Kh1 {[%clk 1:20:34]} Bxf3
{[%clk 1:02:32]} 14. gxf3 {[%clk 1:20:57]} Nh3 {[%clk 1:02:38]} 15. f4
{[%clk 1:19:43]} Qh4 {[%clk 1:00:39]} 16. Qf3 {[%clk 1:17:35]} Ne7
{[%clk 0:59:00]} 17. f5 {[%clk 1:17:37]} Ng5 {[%clk 0:56:48]} 18. Qg2
{[%clk 1:16:02]} Nxf5 {[%clk 0:55:30]} 19. Rg1 {[%clk 1:14:01]} Nh3
{[%clk 0:55:28]} 20. Rgf1 {[%clk 1:12:49]} c6 {[%clk 0:53:07]} 21. Bc2
{[%clk 1:12:47]} Nh6 {[%clk 0:51:47]} 22. Be1 {[%clk 1:11:55]} Nf4
{[%clk 0:43:28]} 23. Qf3 {[%clk 1:09:00]} Qg4 {[%clk 0:43:22]} 24. Qxg4
{[%clk 1:08:54]} Nxg4 {[%clk 0:43:42]} 25. Rg1 {[%clk 1:08:49]} Nh6
{[%clk 0:42:42]} 26. Bd2 {[%clk 1:07:29]} Ng6 {[%clk 0:42:53]} 27. f4
{[%clk 1:07:43]} f5 {[%clk 0:42:25]} 28. Rg3 {[%clk 1:05:09]} Ng4
{[%clk 0:41:48]} 29. Kg1 {[%clk 1:03:59]} Nh6 {[%clk 0:33:20]} 30. h3
{[%clk 1:04:05]} Rf7 {[%clk 0:29:35]} 31. Kf2 {[%clk 1:03:03]} Nf8
{[%clk 0:28:24]} 32. b4 {[%clk 1:00:33]} Ne6 {[%clk 0:28:22]} 33. Ke3
{[%clk 1:00:39]} Kf8 {[%clk 0:26:30]} 34. Kd3 {[%clk 0:59:46]} Rc8
{[%clk 0:23:43]} 35. Bb3 {[%clk 0:58:57]} Ng8 {[%clk 0:19:40]} 36. Rc1
{[%clk 0:58:56]} Ne7 {[%clk 0:19:42]} 37. Rgg1 {[%clk 0:58:12]} Ng6
{[%clk 0:18:19]} 38. Rgf1 {[%clk 0:58:09]} Rfc7 {[%clk 0:16:35]} 39. b5
{[%clk 0:58:10]} cxb5 {[%clk 0:10:04]} 40. Rxc7 {[%clk 0:58:08]} Nxc7
{[%clk 0:10:22]} 41. Rc1 {[%clk 0:58:29]} Ke8 {[%clk 0:07:07]} 42. Bxd5
{[%clk 0:57:59]} Kd7 {[%clk 0:06:52]} 43. Bxb7 {[%clk 0:58:20]} Rb8
{[%clk 0:06:56]} 44. Bc6+ {[%clk 0:58:37]} Ke6 {[%clk 0:06:12]} 45. Bh1
{[%clk 0:57:28]} Ne7 {[%clk 0:04:45]} 46. Rxc7 {[%clk 0:56:45]} b4
{[%clk 0:02:10]} 47. d5+ {[%clk 0:56:21]} 1-0

[Event "msr2018"]
[Site "?"]
[Date "2018.04.25"]
[Round "7.14"]
[White "Mezes, Kristof"]
[Black "Brnusak, Tomas"]
[Result "0-1"]
[BlackElo "1935"]
[WhiteElo "1625"]
[LiveChessVersion "1.4.8"]

1. d4 {[%clk 1:30:57]} Nf6 {[%clk 1:30:39]} 2. c4 {[%clk 1:31:22]} g6
{[%clk 1:30:37]} 3. Nc3 {[%clk 1:31:43]} Bg7 {[%clk 1:30:32]} 4. Nf3
{[%clk 1:32:05]} O-O {[%clk 1:28:36]} 5. e3 {[%clk 1:32:15]} d6 {[%clk 1:26:38]}
6. Bd3 {[%clk 1:32:34]} Nbd7 {[%clk 1:24:48]} 7. O-O {[%clk 1:32:49]} e5
{[%clk 1:23:52]} 8. d5 {[%clk 1:31:57]} Nc5 {[%clk 1:22:58]} 9. e4
{[%clk 1:30:00]} a5 {[%clk 1:20:39]} 10. Bg5 {[%clk 1:28:21]} h6 {[%clk 1:19:27]}
11. Bh4 {[%clk 1:28:28]} g5 {[%clk 1:18:36]} 12. Bg3 {[%clk 1:28:51]} Nh5
{[%clk 1:17:20]} 13. Be2 {[%clk 1:23:38]} Nf4 {[%clk 1:16:30]} 14. h4
{[%clk 1:22:04]} Nxe2+ {[%clk 1:12:31]} 15. Qxe2 {[%clk 1:22:17]} f5
{[%clk 1:12:38]} 16. hxg5 {[%clk 1:19:43]} hxg5 {[%clk 1:12:44]} 17. Qd2
{[%clk 1:14:35]} f4 {[%clk 1:10:40]} 18. Bh2 {[%clk 1:13:12]} Kf7
{[%clk 1:06:30]} 19. g3 {[%clk 1:10:26]} g4 {[%clk 1:06:00]} 20. Nh4
{[%clk 1:09:59]} f3 {[%clk 1:06:08]} 21. Qe3 {[%clk 1:00:54]} Rh8
{[%clk 1:04:32]} 22. Nxf3 {[%clk 0:57:43]} gxf3 {[%clk 1:04:46]} 23. Qxf3+
{[%clk 0:58:07]} Qf6 {[%clk 1:04:58]} 24. Qe2 {[%clk 0:56:18]} Bh3
{[%clk 1:04:17]} 25. Rfe1 {[%clk 0:55:38]} Ke7 {[%clk 1:04:02]} 26. Rad1
{[%clk 0:47:30]} Raf8 {[%clk 1:01:42]} 27. Rd2 {[%clk 0:43:23]} Qf3
{[%clk 0:59:58]} 28. Qxf3 {[%clk 0:43:20]} Rxf3 {[%clk 1:00:20]} 29. Nb5
{[%clk 0:38:06]} Kd7 {[%clk 0:59:06]} 30. Rde2 {[%clk 0:34:32]} Bh6
{[%clk 0:57:46]} 31. Nc3 {[%clk 0:33:02]} Rhf8 {[%clk 0:56:21]} 32. Rb1
{[%clk 0:32:38]} Bg4 {[%clk 0:54:59]} 33. Rc2 {[%clk 0:31:48]} Nd3
{[%clk 0:53:28]} 34. Nd1 {[%clk 0:31:27]} Nb4 {[%clk 0:53:08]} 35. Rc3
{[%clk 0:30:53]} Rd3 {[%clk 0:51:01]} 0-1

[Event "msr2018"]
[Site "?"]
[Date "2018.04.25"]
[Round "7.15"]
[White "Greno, Pavol"]
[Black "Ulehla, Jakub"]
[Result "1-0"]
[BlackElo "1731"]
[WhiteElo "1384"]
[LiveChessVersion "1.4.8"]

1. e4 {[%clk 1:30:49]} c5 {[%clk 1:30:08]} 2. Nf3 {[%clk 1:30:42]} Nc6
{[%clk 1:29:54]} 3. d4 {[%clk 1:30:39]} cxd4 {[%clk 1:28:31]} 4. Nxd4
{[%clk 1:31:00]} g6 {[%clk 1:27:52]} 5. Nc3 {[%clk 1:29:20]} Bg7 {[%clk 1:26:22]}
6. Be3 {[%clk 1:28:40]} Nf6 {[%clk 1:26:02]} 7. f3 {[%clk 1:27:33]} d6
{[%clk 1:25:40]} 8. Bc4 {[%clk 1:26:20]} O-O {[%clk 1:23:27]} 9. Qd2
{[%clk 1:25:23]} Bd7 {[%clk 1:23:16]} 10. O-O-O {[%clk 1:24:23]} a6
{[%clk 1:22:31]} 11. Bb3 {[%clk 1:22:30]} b5 {[%clk 1:21:22]} 12. h4
{[%clk 1:19:10]} Nxd4 {[%clk 1:19:21]} 13. Bxd4 {[%clk 1:17:50]} a5
{[%clk 1:19:27]} 14. Nd5 {[%clk 1:04:10]} a4 {[%clk 1:15:10]} 15. Nxf6+
{[%clk 1:02:51]} exf6 {[%clk 1:15:01]} 16. Bd5 {[%clk 1:01:37]} Rb8
{[%clk 1:13:23]} 17. g4 {[%clk 0:56:38]} Qc7 {[%clk 1:09:34]} 18. Bc3
{[%clk 0:44:24]} Rfc8 {[%clk 1:07:36]} 19. Bb4 {[%clk 0:41:12]} Bh6
{[%clk 1:04:59]} 20. g5 {[%clk 0:40:46]} fxg5 {[%clk 1:05:21]} 21. Kb1
{[%clk 0:40:51]} Bg7 {[%clk 0:58:53]} 22. hxg5 {[%clk 0:40:24]} Bc6
{[%clk 0:48:26]} 23. Bxd6 {[%clk 0:30:36]} Qb6 {[%clk 0:44:09]} 24. Bxb8
{[%clk 0:30:06]} Bxd5 {[%clk 0:43:29]} 25. exd5 {[%clk 0:27:45]} Qxb8
{[%clk 0:43:49]} 26. d6 b4 {[%clk 0:43:32]} 27. d7 {[%clk 0:25:38]} Rd8
{[%clk 0:43:58]} 28. Rhe1 {[%clk 0:21:24]} b3 {[%clk 0:43:10]} 29. axb3
{[%clk 0:20:23]} axb3 {[%clk 0:43:31]} 30. cxb3 {[%clk 0:20:41]} Kf8
{[%clk 0:41:54]} 31. Qd6+ {[%clk 0:19:47]} 1-0

[Event "msr2018"]
[Site "?"]
[Date "2018.04.25"]
[Round "7.16"]
[White "Beres, Tomas"]
[Black "Kapec, Kristian"]
[Result "1-0"]
[BlackElo "1307"]
[WhiteElo "1720"]
[LiveChessVersion "1.4.8"]

1. e4 e5 {[%clk 1:30:57]} 2. Nf3 {[%clk 1:31:21]} Nc6 {[%clk 1:31:22]} 3. Bb5
{[%clk 1:31:39]} Bc5 {[%clk 1:31:45]} 4. O-O {[%clk 1:31:40]} d6 {[%clk 1:31:53]}
5. c3 {[%clk 1:31:54]} Bd7 {[%clk 1:31:50]} 6. d4 {[%clk 1:31:28]} exd4
{[%clk 1:32:07]} 7. cxd4 {[%clk 1:31:51]} Bb6 {[%clk 1:32:17]} 8. Nc3
{[%clk 1:31:39]} Nge7 {[%clk 1:32:00]} 9. Bf4 {[%clk 1:29:15]} Ng6
{[%clk 1:29:53]} 10. Bg5 {[%clk 1:23:17]} f6 {[%clk 1:27:12]} 11. Be3
{[%clk 1:23:18]} a6 {[%clk 1:27:12]} 12. Ba4 {[%clk 1:17:15]} Ba5
{[%clk 1:23:43]} 13. Bb3 {[%clk 1:08:33]} Bxc3 {[%clk 1:20:30]} 14. bxc3
{[%clk 1:08:50]} Qe7 {[%clk 1:20:39]} 15. Re1 {[%clk 1:08:01]} O-O-O
{[%clk 1:19:03]} 16. Bd5 {[%clk 1:02:29]} Na5 {[%clk 1:14:39]} 17. Qc2
{[%clk 0:52:51]} c6 {[%clk 1:13:39]} 18. Bb3 {[%clk 0:53:09]} Nxb3
{[%clk 1:13:18]} 19. Qxb3 {[%clk 0:53:17]} Be8 {[%clk 1:09:01]} 20. Rab1
{[%clk 0:50:11]} Rd7 {[%clk 1:06:43]} 21. Rb2 {[%clk 0:40:55]} Bf7
{[%clk 1:05:13]} 22. c4 {[%clk 0:37:00]} Qxe4 {[%clk 1:01:48]} 23. Reb1
{[%clk 0:32:33]} Qe7 {[%clk 0:57:53]} 24. Qb6 {[%clk 0:29:37]} Bxc4
{[%clk 0:49:37]} 25. Qa7 {[%clk 0:26:26]} Bb5 {[%clk 0:49:17]} 26. a4
{[%clk 0:26:29]} Rc7 {[%clk 0:48:31]} 27. axb5 {[%clk 0:26:06]} axb5
{[%clk 0:48:56]} 28. d5 1-0

[Event "msr2018"]
[Site "?"]
[Date "2018.04.25"]
[Round "7.17"]
[White "Stevik, Patrik"]
[Black "Kostolansky, Sebastian Lukas"]
[Result "0-1"]
[BlackElo "2213"]
[WhiteElo "1713"]
[LiveChessVersion "1.4.8"]

1. e4 {[%clk 1:30:48]} g6 {[%clk 1:30:36]} 2. d4 {[%clk 1:30:29]} Bg7
{[%clk 1:31:02]} 3. Nf3 {[%clk 1:29:43]} d6 {[%clk 1:31:21]} 4. g3
{[%clk 1:19:49]} Nd7 {[%clk 1:27:08]} 5. Bg2 {[%clk 1:18:52]} c6 {[%clk 1:26:04]}
6. O-O {[%clk 1:16:49]} Ngf6 {[%clk 1:23:44]} 7. e5 {[%clk 1:01:48]} dxe5
{[%clk 1:19:34]} 8. dxe5 {[%clk 1:01:02]} Nd5 {[%clk 1:19:47]} 9. e6
{[%clk 0:37:15]} fxe6 {[%clk 1:17:10]} 10. Ng5 {[%clk 0:37:24]} Ne5
{[%clk 1:08:07]} 11. f4 {[%clk 0:27:14]} Nc4 {[%clk 0:54:52]} 12. c3
{[%clk 0:02:48]} Qb6+ {[%clk 0:51:37]} 13. Kh1 {[%clk 0:03:06]} Nce3
{[%clk 0:48:08]} 14. Bxe3 {[%clk 0:01:20]} Nxe3 {[%clk 0:48:30]} 15. Qd3
{[%clk 0:01:38]} Nxf1 {[%clk 0:46:25]} 16. Bxf1 {[%clk 0:00:34]} Qxb2
{[%clk 0:42:08]} 17. Nxh7 {[%clk 0:00:31]} Rxh7 {[%clk 0:42:06]} 18. Qxg6+
{[%clk 0:00:50]} Kf8 {[%clk 0:42:18]} 19. Qxh7 {[%clk 0:01:11]} Qxa1
{[%clk 0:42:30]} 20. h4 {[%clk 0:01:08]} Qxa2 {[%clk 0:42:49]} 21. h5
{[%clk 0:00:35]} Qd5+ {[%clk 0:43:07]} 22. Bg2 {[%clk 0:00:32]} Qf5
{[%clk 0:43:31]} 23. Be4 {[%clk 0:00:51]} Qxh7 {[%clk 0:43:40]} 24. Bxh7 e5
{[%clk 1:13:51]} 25. f5 {[%clk 0:30:53]} e6 {[%clk 1:13:58]} 0-1